000 00928cam a2200265 a 4500
001 000004101
003 DO-SdBNP
005 20250702094022.0
008 980219s1998 nyu 000 1 eng
010 _a98013064
020 _a0684835959 (hc)
040 _aDO-SdBNP
_cDLC
_dDLC
_dOCoLC
_dDLC
043 _an-us-ny
050 0 0 _aPS3553.L287
_bY68 1998
082 0 0 _a813/.54
_221
100 1 _aClark, Mary Higgins.
_912209
245 1 0 _aYou belong to me /
_cMary Higgins Clark.
260 _aNew York, NY :
_bSimon & Schuster,
_cc1998.
300 _a317 p. ;
_c25 cm.
856 4 2 _3Contributor biographical information
_uhttp://www.loc.gov/catdir/bios/simon053/98013064.html
856 4 1 _3Sample text
_uhttp://www.loc.gov/catdir/samples/simon031/98013064.html
856 4 2 _3Publisher description
_uhttp://www.loc.gov/catdir/description/simon033/98013064.html
910 _aCatalogación por copia / LC
942 _2ddc
_cLBS1
999 _c3919
_d3919